<?xml version="1.0" encoding="UTF-8"?>
<record
    xmlns:xsi="http://www.w3.org/2001/XMLSchema-instance"
    xsi:schemaLocation="http://www.loc.gov/MARC21/slim http://www.loc.gov/standards/marcxml/schema/MARC21slim.xsd"
    xmlns="http://www.loc.gov/MARC21/slim">

  <leader>00482    a2200169   4500</leader>
  <controlfield tag="003">OSt</controlfield>
  <controlfield tag="005">20231109112939.0</controlfield>
  <controlfield tag="008">231109b        |||||||| |||| 00| 0 eng d</controlfield>
  <datafield tag="020" ind1=" " ind2=" ">
    <subfield code="a">9789392455162</subfield>
  </datafield>
  <datafield tag="040" ind1=" " ind2=" ">
    <subfield code="c">oclc</subfield>
  </datafield>
  <datafield tag="082" ind1=" " ind2=" ">
    <subfield code="a">954.83</subfield>
    <subfield code="b">MAN/A</subfield>
  </datafield>
  <datafield tag="100" ind1=" " ind2=" ">
    <subfield code="a">Mangad, Abdurahiman</subfield>
    <subfield code="9">8678</subfield>
  </datafield>
  <datafield tag="245" ind1=" " ind2=" ">
    <subfield code="a">Aikyasangham rekhagal /</subfield>
    <subfield code="c">Abdurahman Mangad</subfield>
  </datafield>
  <datafield tag="260" ind1=" " ind2=" ">
    <subfield code="a">Kerala:</subfield>
    <subfield code="b">Grace Books,</subfield>
    <subfield code="c">2022.</subfield>
  </datafield>
  <datafield tag="300" ind1=" " ind2=" ">
    <subfield code="a">295p</subfield>
  </datafield>
  <datafield tag="942" ind1=" " ind2=" ">
    <subfield code="2">ddc</subfield>
    <subfield code="c">BK</subfield>
    <subfield code="h">954.83</subfield>
    <subfield code="i">MAN/A</subfield>
    <subfield code="k">954.83</subfield>
    <subfield code="m">MAN/A</subfield>
  </datafield>
  <datafield tag="952" ind1=" " ind2=" ">
    <subfield code="0">0</subfield>
    <subfield code="1">0</subfield>
    <subfield code="2">ddc</subfield>
    <subfield code="4">0</subfield>
    <subfield code="7">0</subfield>
    <subfield code="8">HISTORY</subfield>
    <subfield code="a">MES</subfield>
    <subfield code="b">MES</subfield>
    <subfield code="c">ISL</subfield>
    <subfield code="d">2024-01-06</subfield>
    <subfield code="l">1</subfield>
    <subfield code="o">954.83 MAN/A</subfield>
    <subfield code="p">44501</subfield>
    <subfield code="r">2025-01-31 16:14:30</subfield>
    <subfield code="s">2025-01-24</subfield>
    <subfield code="t">2</subfield>
    <subfield code="v">350.00</subfield>
    <subfield code="w">2024-01-06</subfield>
    <subfield code="y">BK</subfield>
    <subfield code="z">GL44R3</subfield>
  </datafield>
  <datafield tag="952" ind1=" " ind2=" ">
    <subfield code="0">0</subfield>
    <subfield code="1">0</subfield>
    <subfield code="2">ddc</subfield>
    <subfield code="4">0</subfield>
    <subfield code="7">0</subfield>
    <subfield code="8">HISTORY</subfield>
    <subfield code="a">MES</subfield>
    <subfield code="b">MES</subfield>
    <subfield code="c">ISL</subfield>
    <subfield code="d">2024-01-06</subfield>
    <subfield code="l">0</subfield>
    <subfield code="o">954.83 MAN/A</subfield>
    <subfield code="p">44500</subfield>
    <subfield code="r">2024-01-06 13:29:04</subfield>
    <subfield code="t">1</subfield>
    <subfield code="v">350.00</subfield>
    <subfield code="w">2024-01-06</subfield>
    <subfield code="y">BK</subfield>
    <subfield code="z">GL44R3</subfield>
  </datafield>
  <datafield tag="999" ind1=" " ind2=" ">
    <subfield code="c">42984</subfield>
    <subfield code="d">42984</subfield>
  </datafield>
</record>
